Postacie z Rancza - Statystyki

Ogólne statystyki
  • Ten quiz został rozwiązany 63 razy
  • Średni wynik to 20 z 25
Statystyki odpowiedzi
Opis Bohater % Poprawnych
Artysta - maluje obrazy Jakub Sokołowski (Kusy)
100%
Odziedziczyła po swojej babci dworek Lucy Wilska
100%
Jego największa pasja to polityka, zdobywanie władzy, a co za tym idzie - dużych pieniędzy Arkadiusz Czerepach
98%
Wójt gminy Wilkowyje w seriach I-IV, brat bliźniak poniższego Paweł Kozioł
98%
Najmłodszy z bywalców przysklepowej ławeczki Patryk Pietrek
96%
Proboszcz parafii w Wilkowyjach a następnie biskup, brat bliźniak powyższego Piotr Kozioł
96%
Córka byłego wójta, obecnie prezydenta Klaudia Kozioł
92%
Młodszy brat powyższego, bardzo szanowany nestor wsi. Stanisław Japycz
90%
Najbardziej doświadczony bywalec ławeczki. W 3 sezonie dowiadujemy się o jego śmierci Jan Japycz
88%
Zatrudniona przez swoją ciotkę w sklepie początkowo na stanowisku pomocy i ekspedientki Jolanta Pietrek
87%
Pracuje jako gospodyni na plebanii Michałowa
87%
Stały bywalec ławeczki, jest właścicielem ciągnika rolniczego Ursus C451 Tadeusz Hadziuk
85%
Gospodyni domowa, matka powyższej Halina Kozioł
83%
Wikary a następnie proboszcz w wilkowyjskiej parafii ks. {Robert}
83%
Założyła firmę Chèvre Polonaise Celina Hadziuk
81%
Wikary na plebanii w Wilkowyjach ks. {Maciej}
75%
Mąż sklepowej. Właściciel firmy budowlano-remontowej Andrzej Więcławski
73%
Sklepowa i sprzedawczyni jedynego sklepu w Wilkowyjach Krystyna Więcławska
73%
Jedyny policjant w gminie w seriach I-IX Stanisław Kotecki
71%
Barmanka w miejscowej knajpie Wioletta Kotecka
71%
Jedyny lekarz w gminie, nie wierzy w działanie medycyny Mieczysław Wezół
69%
Stały bywalec ławeczki, ma siedmioro dzieci Maciej Solejuk
67%
Najbardziej tajemnicza postać w Ranczu. Mieszka w chacie na skraju wsi Zielarka Zofia
63%
Znana jest z produkcji najlepszych pierogów w gminie i ze zdolności lingwistycznych Kazimiera Solejuk
62%
Dyrektorka miejscowej szkoły, nauczycielka matematyki oraz wiedzy o społeczeństwie Wiesława Oleś
25%
Nie znaleziono quizów pasujących do podanych kryteriów
Rozkład punktacji
Procent ludzi z każdym wynikiem
Percentyl według liczby udzielonych odpowiedzi
Twoja historia wyników
Nie rozwiązałeś tego quizu